| 000 | 01240cam a22002891i 4500 | ||
|---|---|---|---|
| 003 | SA-RiAUC | ||
| 005 | 20250913055706.0 | ||
| 008 | 250911s1984 le g b 00010 ara c | ||
| 024 | 0 | _a33000000001339 | |
| 040 |
_aSA-RiAUC _bara _cSA-RiAUC _erda |
||
| 082 | 0 | 4 |
_a250 _qSA-RiAUC |
| 090 |
_a250 _bق ر ا |
||
| 100 | 1 |
_aالقرافي، أحمد بن إدريس بن عبد الرحمن، _d626-684 هجري _eمؤلف. |
|
| 245 | 1 | 2 |
_aالأمنية في إدراك النية / _cتأليف أحمد إدريس المالكي الشهير بالقرافي ؛ صححه وضبطه جماعة من العلماء بإشراف الناشر. |
| 250 | _aالطبعة الأولى. | ||
| 264 | 1 |
_aبيروت : _bدار الكتب العلمية، _c1984. |
|
| 300 |
_a64 صفحة ؛ _c24 سم |
||
| 336 |
_aنص _btxt _2rdacontent _3كتاب |
||
| 337 |
_aبدون وسيط _bn _2rdamedia |
||
| 338 |
_aمجلد _bnc _2rdacarrier |
||
| 504 | _aيشتمل على إرجاعات ببليوجرافية. | ||
| 650 | 7 |
_aالنية (فقه إسلامي) _2aucsh |
|
| 650 | 7 |
_aالفقه الإسلامي _2aucsh |
|
| 710 | 2 |
_aدار الكتب العلمية _eمشرف. |
|
| 942 |
_2ddc _cBOOK _n0 |
||
| 949 |
_aSA-JeALM _d250911 _umohamedma123 _n1 |
||
| 999 |
_c11664 _d11664 |
||